000 00394nab a2200133Ia 4500
003 ES-SlBCS
005 20210601131730.0
008 140529s1952 xxu||||| |||| 00| 0 fre d
041 _afre
100 1 _aLambert, Arthur
_958064
245 0 0 _aLe 12 février on disait dans mon quartier...
_c Arthur Lambert
773 0 _tVie Intelectuelle (La)
_gnº. 4, 1952, págs. 112-114
_wRev907
942 _cAR
999 _c567842
_d567842